1247 1542 1514 1890 1004 1512 1309 1636 1038 1960 1053 1659 1069 1084 1790 1339 1121 1137 1519 1986 1776 1752 1337 1345 1131 1118 1977 1972 1594 1179 1129 1421 1400 1887 1586 1441 1370 1446 1581 1083 1096 1897 1979 1118 1923 1957 1816 1303 1937 1133 1061 1884 1768 1139 1121 1060 1424 1290 1825 1977 1707 1801 1311 1739 1293 1770 1447 1787 1984 1563 1147 1322 1581 1976 1021 1154 1885 1251 1058 1443 1863 1706 1867 1524 1418 1955 1712 1137 1888 1699 1063 1638 1808 1144 1879 1216 1801 1050 1415 BCNSPRNW ULIB Ver.6.0+V

เปลี่ยนเป็นภาษาไทย

Change to English
 แสดงรายละเอียดบรรณานุกรม
  กลับหน้าหลัก

Brief Record : Get Marc (ISO 2709) : E-mail record : QR code < ปิดหน้าต่าง
LEADER : 00000nam 2200000uu 4500
001    13399113443
003     ULIB
008    111116s2548||||th 000 0 tha d
020    ^a9745158828
060 04 ^aW62^bc734 2548
245 10 ^aCommunication skills in clinical practiceจากมุมมองที่หลากหลาย /^cบรรณาธิการ, ชิษณุ พันธุ์เจริญ ... [และคนอื่นๆ]
250    ^aพิมพ์ครั้งที่ 2
260    ^aกรุงเทพฯ :^bสมาคมกุมารแพทย์แห่งประเทศไทย,^c2548
300    ^a129 หน้า ;^c21 ซม.
650  7 ^aบริการทางการแพทย์
650  7 ^aการสื่อสารทางการแพทย์
650  7 ^aผู้ป่วย^xการให้คำปรึกษา
700 0  ^aชิษณุ พันธุ์เจริญ,^eบรรณาธิการ
710 2  ^aสมาคมกุมารแพทย์แห่งประเทศไทย
945    ^p120^l0^i24791
995    ^aกัณชพร
999    ^aใช้งานได้ทุกระบบ
รายการนี้ยังไม่มีแท็ก
คุณยังไม่ได้ล็อกอิน คุณสามารถมีกิจกรรมร่วมกับเว็บไซต์ได้ แต่ต้องล็อกอินก่อน ::
  ล็อกอิน

รายการสื่อสารสนเทศ

ลำดับที่ ประเภท เลขเรียก/บาร์โค้ด สถานที่ สถานะ
- ไม่พบข้อมูล -

รายการใกล้เคียง
    หัวเรื่อง [บริการทางการแพทย์]
    หัวเรื่อง [การสื่อสารทางการแพทย์]

BibComment


ยังไม่เคยถูกคอมเมนท์

คอมเมนท์ทรัพยากรรายการนี้
  คอมเมนท์: Communication sk..


 Copyright 2026. Bcnsprnw @Library